Straty z finančných operácií primäli Slovnaft k hľadaniu strategického partnera v zahraničí

Prepad zisku Slovnaftu, a.s. Bratislava v r. 1998, príčiny. Kurzové straty, nízke ceny ropy na svetových trhoch ovplyvnili pokles zisku. Hľadanie strategického zahraničného partnera. Problematika vrátenia časti akcií Slovintegry FNM. Úspory nákladov a reštrukturalizácia úverov.

Na minha lista:
Detalhes bibliográficos
Autor principal: Kovalčík, Ján
Formato: Capítulo de Livro
Idioma:eslovaco
Assuntos:
Tags: Adicionar Tag
Sem tags, seja o primeiro a adicionar uma tag!

MARC

LEADER 00000naa a2200000 4500
001 r034767
005 20230921103207.7
041 0 |a slo 
044 |a SK 
245 1 0 |a Straty z finančných operácií primäli Slovnaft k hľadaniu strategického partnera v zahraničí  |c Ján Kovalčík 
520 |a Prepad zisku Slovnaftu, a.s. Bratislava v r. 1998, príčiny. Kurzové straty, nízke ceny ropy na svetových trhoch ovplyvnili pokles zisku. Hľadanie strategického zahraničného partnera. Problematika vrátenia časti akcií Slovintegry FNM. Úspory nákladov a reštrukturalizácia úverov. 
610 2 0 |a hospodárenie podnikové 
610 2 0 |a výsledok hospodársky 
610 2 0 |a zisk 
610 2 0 |a zisk podnikový 
610 2 0 |a strata 
610 2 0 |a úspory 
610 2 0 |a náklady 
610 2 0 |a reštrukturalizácia 
610 2 0 |a úver 
610 2 0 |a veritelia 
610 2 0 |a Slovnaft, a.s. Bratislava 
610 2 0 |a 1998 
100 1 |a Kovalčík, Ján